000 00300nam a22001337a 4500
008 181203b xxu||||| |||| 00| 0 eng d
020 _a2900077228933
041 _aeng
080 _212 TH
_a338
100 _a54
101 _aMAN
245 _aOperations Management
_cJacobs.F.R
942 _2udc
_cBK
999 _c52711
_d52711